Normal view
MARC view
Entry Topical Term
001 - CONTROL NUMBER
- control field: 16341
003 - CONTROL NUMBER IDENTIFIER
- control field: OSt
005 - DATE AND TIME OF LATEST TRANSACTION
- control field: 20220916154025.0
008 - FIXED-LENGTH DATA ELEMENTS
- fixed length control field: 220916|| aca||aabn | a|a d
040 ## - CATALOGING SOURCE
- Original cataloging agency: OSt
- Transcribing agency: OSt
150 ## - HEADING--TOPICAL TERM
- Topical term or geographic name entry element: Tumors
670 ## - SOURCE DATA FOUND
- Source citation: Work cat.: (OSt)4498: Edited by Christopher D.M. Fletcher. 16340, Diagnostic Histopathology of Tumors , 2007.
